| 000 | 00472 a2200169 4500 | ||
|---|---|---|---|
| 003 | OSt | ||
| 005 | 20231220120228.0 | ||
| 008 | 231220b |||||||| |||| 00| 0 eng d | ||
| 020 | _a8170555825 | ||
| 040 | _coclc | ||
| 082 |
_a891.431 _bDUB/M |
||
| 100 |
_aDubey, Laxaman _910183 |
||
| 245 |
_aMADHU KE DWEEP / _cLaxaman Dubey |
||
| 260 |
_aNew Delhi: _bVani Prakashan, _c1998. |
||
| 300 | _a64p | ||
| 942 |
_2ddc _cBK _h891.431 _iDUB/M _k891.431 _mDUB/M |
||
| 999 |
_c43504 _d43504 |
||